Score 0/17 Timer 02:00
0 Plays Today
Clue 5-Letter Word % Correct
Mercury or iron, e.g.METAL
95%
Part of a flowerPETAL
94.6%
Bronze Star or Purple Heart, e.g.MEDAL
90.3%
Lesson at the end of a fableMORAL
85.2%
Relating to the prison systemPENAL
84.3%
Relating to the kidneysRENAL
76.9%
Relating to the most common valueMODAL
74.1%
Suitable for a kingREGAL
72.8%
Large art work of Diego RiveraMURAL
72.2%
Clue 5-Letter Word % Correct
Uneven, like a ride on an unpaved roadBUMPY
69.1%
Related to the sense of hearingAURAL
67.4%
Energy fields around humansAURAS
65.6%
Gets rid of one's significant otherDUMPS
63.3%
'The Three Musketeers' author AlexandreDUMAS
61.4%
LicitLEGAL
60.6%
Shabby or dingyDUMPY
60.2%
French author MargueriteDURAS
50.6%

Today's Daily Dose

Missing Word
Boxers

Quick Pick
Rise or Fall?

You're not logged in!

Compare scores with friends on all Sporcle quizzes.
OR
Log In

Sporcle TV

Today on Sporcle TV


Watch our educational content, quiz creation guides, and fun videos on Sporcle TV.

Show Comments

Extras

Top Quizzes Today


Score Distribution

Paid Content

Your Account Isn't Verified!

In order to create a playlist on Sporcle, you need to verify the email address you used during registration. Go to your Sporcle Settings to finish the process.

Report this User

Report this user for behavior that violates our Community Guidelines.

Details: